书目信息 |
| 题名: |
智慧的花朵
|
|
| 作者: | ;北京科普创作协会 编 | |
| 分册: | ||
| 出版信息: | 北京 北京出版社 1980 |
|
| 页数: | 409页 | |
| 开本: | 19cm | |
| 丛书名: | ||
| 单 册: | ||
| 中图分类: | N49 , I18 | |
| 科图分类: | ||
| 主题词: | 自然科学--普及读物 , 儿童文学--作品集--世界 | |
| 电子资源: | ||
| ISBN: | ||
| 000 | 00814nam0 2200277 450 | |
| 001 | 1549081121 | |
| 005 | 20150123133838.98 | |
| 010 | @dCNY0.82 | |
| 010 | @b第2集@dCNY0.86 | |
| 091 | @a10071.266 | |
| 091 | @a10071.437@b第2集 | |
| 100 | @a20060221d1980 em y0chiy0121 ea | |
| 101 | 0 | @achi |
| 102 | @aCN@b110000 | |
| 105 | @aa z 000yy | |
| 200 | 1 | @a智慧的花朵@9zhi hui de hua duo@e中外科学普及作品选@f北京科普创作协会编 |
| 210 | @a北京@c北京出版社@d1980 | |
| 215 | @a409页@c图@d19cm | |
| 517 | 1 | @a中外科学普及作品选@9zhong wai ke xue pu ji zuo pin xuan |
| 606 | 0 | @a自然科学@j普及读物 |
| 606 | 0 | @a儿童文学@x作品集@x世界 |
| 690 | @aN49@v5 | |
| 690 | @aI18@v4 | |
| 711 | 02 | @a北京科普创作协会@9bei jing ke pu chuang zuo xie hui@4编 |
| 801 | 0 | @aCN@bTSSF@c20150123 |
| 905 | @aZUCC@dI18@eJY29:1 | |
| 智慧的花朵:中外科学普及作品选/北京科普创作协会编.-北京:北京出版社,1980 |
| 409页:图;19cm |
| ISBN :CNY0.82 |
| ● |
| 相关链接 |
|
|
|
|
正题名:智慧的花朵
索取号:I18/JY29:1
 
预约/预借
| 序号 | 登录号 | 条形码 | 馆藏地/架位号 | 状态 | 备注 |
| 1 | 7839578 | 278395782 | 学院路分馆/ [索取号:I18/JY29:1] | 在馆 |